Т. 48, № 6; Геология рудных месторождений; Модель конседиментационного гидротермального образования золотоносных рифов бассейна Витватерсранд; Закономерности размещения и условия формирования Аu-содержащих Cu-Mo-порфировых месторождений Северо-Востока России; Минералогическая и геохимическая зональность сплошных сульфидных руд Октябрьского месторождения и ее генезис; О хронологии флюидно-гидротермальной и магматической деятельности в Дукатском золото-серебряном рудном поле; Влияние фугитивности кислорода на скорость травления кристаллов алмаза в силикатном расплаве; Содержание журнала "Геология рудных месторождений" за 2006 г; Авторский указатель тома 48, 2006 г.
| Parent link: | Геология рудных месторождений: научный журнал/ Российская академия наук (РАН). Т. 48, № 6.— , 1959-.— 0016-7770 |
|---|---|
| اللغة: | الروسية |
| منشور في: |
2006
|
| TOC: | Ю. Г. Сафонов, В. Ю. Прокофьев, Модель конседиментационного гидротермального образования золотоносных рифов бассейна Витватерсранд; А. В. Волков [и др.], Закономерности размещения и условия формирования Аu-содержащих Cu-Mo-порфировых месторождений Северо-Востока России; Н. С. Горбачев, Минералогическая и геохимическая зональность сплошных сульфидных руд Октябрьского месторождения и ее генезис; Л. Г. Филимонова, А. В. Чугаев, О хронологии флюидно-гидротермальной и магматической деятельности в Дукатском золото-серебряном рудном поле; В. М. Сонин [и др.], Влияние фугитивности кислорода на скорость травления кристаллов алмаза в силикатном расплаве; Содержание журнала "Геология рудных месторождений" за 2006 г; Авторский указатель тома 48, 2006 г.; |
| التنسيق: | كتاب |
| KOHA link: | https://koha.lib.tpu.ru/cgi-bin/koha/opac-detail.pl?biblionumber=410286 |
MARC
| LEADER | 00000nam2a2200000 4500 | ||
|---|---|---|---|
| 001 | 410286 | ||
| 005 | 20231101071317.0 | ||
| 035 | |a (RuTPU)RU\TPU\prd\64196 | ||
| 035 | |a RU\TPU\prd\48544 | ||
| 090 | |a 410286 | ||
| 100 | |a 20090317a19599999k y0rusy50 ca | ||
| 101 | 0 | |a rus | |
| 102 | |a RU | ||
| 200 | 0 | |a Т. 48, № 6 | |
| 210 | |d 2006 | ||
| 461 | 1 | |0 (RuTPU)RU\TPU\prd\127 |x 0016-7770 |t Геология рудных месторождений |o научный журнал |f Российская академия наук (РАН) |v Т. 48, № 6 |d 1959- | |
| 464 | |t Модель конседиментационного гидротермального образования золотоносных рифов бассейна Витватерсранд |f Ю. Г. Сафонов, В. Ю. Прокофьев | ||
| 464 | |t Закономерности размещения и условия формирования Аu-содержащих Cu-Mo-порфировых месторождений Северо-Востока России |f А. В. Волков [и др.] | ||
| 464 | |t Минералогическая и геохимическая зональность сплошных сульфидных руд Октябрьского месторождения и ее генезис |f Н. С. Горбачев | ||
| 464 | |t О хронологии флюидно-гидротермальной и магматической деятельности в Дукатском золото-серебряном рудном поле |f Л. Г. Филимонова, А. В. Чугаев | ||
| 464 | |t Влияние фугитивности кислорода на скорость травления кристаллов алмаза в силикатном расплаве |f В. М. Сонин [и др.] | ||
| 464 | |t Содержание журнала "Геология рудных месторождений" за 2006 г | ||
| 464 | |t Авторский указатель тома 48, 2006 г. | ||
| 801 | 0 | |a RU |b 63413507 |c 20010227 |g PSBO | |
| 801 | 1 | |a RU |b 63413507 |c 20070109 |g PSBO | |
| 801 | 2 | |a RU |b 63413507 |c 20201215 |g PSBO | |
| 942 | |c BK | ||
| 999 | |a НТБ_ТПУ |b НФ |e -1/20070109 |p П-6557 |s 2/20060420 |u 651,82 |v 1 | ||